| 000 | 00000nam##2200000za#4500 |
| 001 | 9.544856 |
| 003 | CaOODSP |
| 005 | 20200326200605 |
| 007 | ta |
| 008 | 150406|2007||||xxc||||| f|0| 0 eng|d |
| 022 | |a0706-6457 |
| 040 | |aCaOODSP|beng |
| 041 | |aeng |
| 041 | |afre |
| 043 | |an-cn--- |
| 086 | 1 |aFs97-6/2721 |
| 110 | 1 |aCanada. |bDepartment of Fisheries and Oceans. |
| 245 | 10|aNational Science Workshop 2006, Fisheries and Oceans Canada, Maurice Lamontagne Institute, Mont-Joli (Quebec) / |cEditors: P. Ouellet ... [et al.] |
| 260 | |aMont-Joli - Quebec : |bFisheries and Oceans Canada |c2007. |
| 300 | |aEnglish text, v, 57p. ; |c28 cm. |
| 490 | 1 |aCanadian technical report of fisheries and aquatic sciences|x0706-6457|v2721 |
| 500 | |a"Institut Maurice-Lamontagne, 850, route de la mer, Mont-Joli (Québec), Canada G5H 3Z4". |
| 563 | |aSpiral binding |
| 590 | |a07-29|b2007-07-20 |
| 690 | 07|aConferences|2gcpds |
| 690 | 07|aNatural sciences|2gcpds |
| 776 | 0#|tNational Science Workshop 2006, Fisheries and Oceans Canada, Maurice Lamontagne Institute, Mont-Joli (Quebec) / |w(CaOODSP)9.575152 |
| 792 | |tAtelier national des Sciences 2006, Pêches et Océans Canada, Institut Maurice-Lamontagne, Mont-Joli (Québec) / |efre|w(CaOODSP)9.544857 |
| 830 | #0|aCanadian technical report of fisheries and aquatic sciences,|x0706-6457|v2721|w(CaOODSP)9.514690 |